Truyện dân gian Việt Nam : Song ngữ Việt - Anh : Vietnamese folktales
Salvato in:
| Natura: | Sách giấy |
|---|---|
| Lingua: | Vietnamese |
| Pubblicazione: |
Đà nẵng :
Nxb. Đà Nẵng,
2002
|
| Soggetti: | |
| Tags: |
Aggiungi Tag
Nessun Tag, puoi essere il primo ad aggiungerne! !
|
| Thư viện lưu trữ: | Thư viện Trường Đại học Đà Lạt |
|---|
| LEADER | 00689nam a2200277 4500 | ||
|---|---|---|---|
| 001 | DLU060052211 | ||
| 005 | ##20060405 | ||
| 040 | # | # | |a DLU |b vie |
| 041 | # | # | |a vie |
| 044 | # | # | |a vn |
| 082 | # | # | |a 398.209 597 |b Tru |
| 245 | # | # | |a Truyện dân gian Việt Nam : Song ngữ Việt - Anh : |b Vietnamese folktales |
| 246 | # | # | |a Vietnamese folktales |
| 260 | # | # | |a Đà nẵng : |b Nxb. Đà Nẵng, |c 2002 |
| 300 | # | # | |a 474 tr. ; |c 21 cm |
| 653 | # | # | |a Văn học dân gian |
| 923 | # | # | |a 02/2006 |
| 992 | # | # | |a 60.000 |
| 994 | # | # | |a DLU |
| 900 | # | # | |a True |
| 911 | # | # | |a Đào Thị Thu Huyền |
| 925 | # | # | |a G |
| 926 | # | # | |a A |
| 927 | # | # | |a SH |
| 980 | # | # | |a Thư viện Trường Đại học Đà Lạt |